000 00525nam a2200205Ia 4500
003 GCL
008 140319s9999 xx 000 0 aRus d
040 _aGCL /
_cGCL
082 0 4 _a863
_bC L
100 1 _aCASTILLO, ROSA
245 1 0 _aLEYENDAS EPICAS ESPANOLAS /
_cCASTILLO, ROSA
700 1 _aBAEZ, ERIQUE MORENO
260 _a[S.N] :
_bEDITORIAL CASTALIA ،
_c1969
300 _a168 P
650 0 4 _aLITERATURE
650 0 4 _aFICTION
650 0 4 _aSPANISH LITERATURE
650 0 4 _aSPANISH FICTION
942 _2ddc
_cBK
999 _c15496
_d15496